00318nam a2200121 a 450000500170000000800410001702000180005805000180007610000190009424500410011326000330015430000090018720140412111325.0110129s19uu xx 00 eng d a1-85881-200-3 aERbMy99 1994 aGardner, Sally aMy Little Princess /cSally Gardner. aItaly :bOrion house,c1994. a1994